The Channel fixed link (Record no. 90121)

MARC details
000 -LEADER
fixed length control field 00759cam a2200277 4500
001 - CONTROL NUMBER
control field B397
008 - FIXED-LENGTH DATA ELEMENTS--GENERAL INFORMATION
fixed length control field 090401t1986 xxu||||| |||| 00| 0 eng d
020 ## - INTERNATIONAL STANDARD BOOK NUMBER
International Standard Book Number 0101976909
035 ## - SYSTEM CONTROL NUMBER
System control number (Sirsi) u35505
041 ## - LANGUAGE CODE
Language code of text/sound track or separate title eng
050 ## - LIBRARY OF CONGRESS CALL NUMBER
Classification number 624.194094223
-- 18
110 ## - MAIN ENTRY--CORPORATE NAME
Corporate name or jurisdiction name as entry element Department of Transport
9 (RLIN) 1172
245 #4 - TITLE STATEMENT
Title The Channel fixed link
260 ## - PUBLICATION, DISTRIBUTION, ETC.
Place of publication, distribution, etc. London
Name of publisher, distributor, etc. HMSO
Date of publication, distribution, etc. 1986
300 ## - PHYSICAL DESCRIPTION
Extent iv, 45p.,1 folded plate
Other physical details ill., map
Dimensions 25cm.
350 ## - PRICE (NR) (BK AM CF MU VM SE) [OBSOLETE]
Price 4.90
490 ## - SERIES STATEMENT
Series statement Cm
Volume/sequential designation 9769
650 ## - SUBJECT ADDED ENTRY--TOPICAL TERM
Topical term or geographic name entry element CHANNEL TUNNEL
650 ## - SUBJECT ADDED ENTRY--TOPICAL TERM
Topical term or geographic name entry element FRANCE
690 ## - LOCAL SUBJECT ADDED ENTRY--TOPICAL TERM (OCLC, RLIN)
Topical term or geographic name as entry element PROPERTY-INFRASTRUCTURE
710 ## - ADDED ENTRY--CORPORATE NAME
Corporate name or jurisdiction name as entry element Ministre de l'Urbanisme, du Logement et des Transport
9 (RLIN) 4712
710 ## - ADDED ENTRY--CORPORATE NAME
Corporate name or jurisdiction name as entry element Channel Tunnel Group Ltd
9 (RLIN) 2087
710 ## - ADDED ENTRY--CORPORATE NAME
Corporate name or jurisdiction name as entry element France-Manche
9 (RLIN) 4713
942 ## - ADDED ENTRY ELEMENTS (KOHA)
Suppress in OPAC 0
948 ## - LOCAL PROCESSING INFORMATION (OCLC); SERIES PART DESIGNATOR (RLIN)
c (OCLC) 04/03/1997
Holdings
Withdrawn status Lost status Source of classification or shelving scheme Damaged status Not for loan Home library Current library Shelving location Date acquired Cost, normal purchase price Total Checkouts Full call number Barcode Date last seen Copy number Cost, replacement price Price effective from Koha item type
    Dewey Decimal Classification     London London Boxed set 14/09/1999 4.90   COMMAND PAPERS 30007230 06/08/2019 1 4.90 06/08/2019 Book